Volatility and Predictability in National Stock Markets How Do Emerging and Mature Markets Differ?

Salvato in:
Dettagli Bibliografici
Autore principale: Richards, Anthony J.
Natura: Libro
Lingua:inglese
Pubblicazione: Washington International Monetary Fund 1996
Edizione:1. ed.
Serie:IMF Working Paper 29
Soggetti:
Tags: Aggiungi Tag
Nessun Tag, puoi essere il primo ad aggiungerne!!

MARC

LEADER 00000nam a2200000 4500
001 c017405
005 20221205125734.1
041 0 |a eng 
044 |a US 
245 1 0 |a Volatility and Predictability in National Stock Markets  |b How Do Emerging and Mature Markets Differ?  |c Anthony J. Richards 
250 |a 1. ed. 
264 1 |a Washington  |b International Monetary Fund  |c 1996 
300 |a 34 s. 
490 1 |a IMF Working Paper  |v 29 
830 0 |a IMF Working Paper  |v 29 
610 2 0 |a trh kapitálový 
610 2 0 |a trh kapitálový medzinárodný 
610 2 0 |a papiere cenné 
610 2 0 |a burzy 
610 2 0 |a obchody burzové 
610 2 0 |a akcie 
610 2 0 |a teória finančná 
100 1 |a Richards, Anthony J.